Memorias de Urquinaona (Record no. 147795)

MARC details
000 -LEADER
campo de control de longitud fija 00645nam a2200181 i 4500
001 - NÚMERO DE CONTROL
campo de control 147795
003 - IDENTIFICADOR DE NÚMERO DE CONTROL
campo de control ES-MaACL
005 - FECHA Y HORA DE LA ÚLTIMA TRANSACCIÓN
campo de control 20251127063337.0
007 - CAMPO FIJO DE DESCRIPCIÓN FÍSICA--INFORMACIÓN GENERAL
campo de control de longitud fija t|
008 - DATOS DE LONGITUD FIJA--INFORMACIÓN GENERAL
campo de control de longitud fija 071005s1917 sp ||||1| spa d
100 1# - ENTRADA PRINCIPAL--NOMBRE DE PERSONA
Nombre de persona Urquinaona y Pardo, Pedro de
9 (RLIN) 133461
245 10 - MENCIÓN DEL TÍTULO
Título Memorias de Urquinaona
Resto del título : (comisionado de la Regencia Española para la pacificación del Nuevo Reino de Granada) /
Mención de responsabilidad, etc. Pedro Urquinaona Pardo.
260 ## - PUBLICACIÓN, DISTRIBUCIÓN, ETC.
Lugar de publicación, distribución, etc. Madrid :
Nombre del editor, distribuidor, etc. [Juan Pueyo,
Fecha de publicación, distribución, etc. 1917]
300 ## - DESCRIPCIÓN FÍSICA
Extensión 383 p. ;
Dimensiones 23 cm.
651 #4 - PUNTO DE ACCESO ADICIONAL DE MATERIA--NOMBRE GEOGRÁFICO
Nombre geográfico Venezuela-
Subdivisión general Historia-
Subdivisión cronológica 1810-1823, Guerra de la Independencia.
9 (RLIN) 148949
852 ## - LOCALIZACIÓN
Ubicación ES-MaACL
Número de control de estantería F-840
Holdings
Estatus retirado Estado de pérdida Estado de daño No para préstamo Biblioteca de origen Biblioteca actual Ubicación en estantería Fecha de adquisición Fuente de adquisición Total de préstamos Signatura topográfica completa Código de barras Visto por última vez Precio de reemplazo Tipo de ítem Koha
        Biblioteca del Ateneo de Madrid Biblioteca del Ateneo de Madrid Depósito 2 17/01/2008     F-840 1154240 23/02/2023 23/02/2023 Libro impreso